| 000 | 00428nam a22001697a 4500 | ||
|---|---|---|---|
| 005 | 20160903163842.0 | ||
| 008 | 160903b xxu||||| |||| 00| 0 eng d | ||
| 020 | _a978-93-808-33-9 | ||
| 041 | _aeng | ||
| 100 |
_aSINGH,DR,C.B AND DR R.K _93474 |
||
| 245 | _aA TEXT BOOK OF AGRICULTURAL ECONOMICS | ||
| 250 | _a1st | ||
| 260 |
_bUNIVERSITY SCIENCE PRESS _c2011 |
||
| 300 | _a327 | ||
| 650 |
_aAGRICULTURAL _93475 |
||
| 942 | _cBK | ||
| 999 |
_c5180 _d5178 |
||